| 000 | 01266cad a22002055a 4500 | ||
|---|---|---|---|
| 001 | E153569 | ||
| 008 | 110808s2011 xxk 000 0 eng d | ||
| 035 | _a(Sirsi) u153569 | ||
| 041 | 0 | _aeng | |
| 245 | 0 | 0 |
_aTanya Grand v Param Gill _h[electronic resource] |
| 260 | _c2011 | ||
| 520 | _a[2011] EWCA Civ 554 19 May 2011. This case relates to an appeal by a tenant, TG, against a previous award of damages against her landlord, PG. The damages were in relation to mould and damage to plasterwork caused by water ingress which had not been repaired by PG. The previous judge had discounted the damages by 90% on the basis that the damage was primarily caused by structural elements outside the responsibility of PG and that internal plasterwork is not part of the structure of a building for which PG was responsible. "Held" The plastwork does represent part of the structure of the building, and the damages were therefore increased. | ||
| 590 | _aKA | ||
| 650 | 2 | 4 | _aLANDLORD AND TENANT ACT 1985 |
| 650 | 2 | 4 | _aGRAND V GILL |
| 651 | 4 |
_aEngland and Wales _y1543- |
|
| 690 | _aPROPERTY-LEASEHOLD PROPERTY-LANDLORD AND TENANT | ||
| 856 | 4 | 0 |
_uhttps://www.bailii.org/ew/cases/EWCA/Civ/2011/554.html _zView the judgement free of charge at www.bailii.org |
| 942 | _n0 | ||
| 999 |
_c83316 _d83316 |
||